Aadivasi swar aur nai stabdi (Record no. 439073)

000 -LEADER
fixed length control field 00331cam a22001217a 4500
008 - FIXED-LENGTH DATA ELEMENTS--GENERAL INFORMATION
fixed length control field 180718b2004 xxu||||| |||| 00| 0 eng d
020 ## - INTERNATIONAL STANDARD BOOK NUMBER
International Standard Book Number 81 7055 908 1
100 ## - MAIN ENTRY--PERSONAL NAME
Personal name Gupta, Ramnika
245 ## - TITLE STATEMENT
Title Aadivasi swar aur nai stabdi
Statement of responsibility, etc. edited by Ramnika Gupta
260 ## - PUBLICATION, DISTRIBUTION, ETC.
Place of publication, distribution, etc. Delhi
Name of publisher, distributor, etc. Vani Prakashan
Date of publication, distribution, etc. 2004
300 ## - PHYSICAL DESCRIPTION
Extent 323p.
650 ## - SUBJECT ADDED ENTRY--TOPICAL TERM
Topical term or geographic name entry element Aadivasi
Holdings
Withdrawn status Lost status Damaged status Not for loan Permanent Location Current Location Date acquired Barcode Date last seen Price effective from Koha item type
        Indian Institute of Public Administration Indian Institute of Public Administration 2010-04-22 81830 2018-07-21 2018-07-21 Book

Powered by Koha